Motor accident claims: (Record no. 18844)

MARC details
000 -LEADER
fixed length control field 01034nam a22002657a 4500
008 - FIXED-LENGTH DATA ELEMENTS--GENERAL INFORMATION
fixed length control field 081120t xxu||||| |||| 00| 0 eng d
010 ## - LCCN (DPL NO)
LC control number ENG-91703
020 ## - INTERNATIONAL STANDARD BOOK NUMBER
International Standard Book Number 9788175346291
Terms of availability 275.00
035 ## - SYSTEM CONTROL NUMBER
System control number EN-75236
037 ## - SOURCE OF ACQUISITION
Source of stock number/acquisition DBAD / PUB
040 ## - CATALOGING SOURCE
Original cataloging agency dpl
Language of cataloging English
082 ## - DEWEY DECIMAL CLASSIFICATION NUMBER
Classification number 346.540322
100 ## - MAIN ENTRY--PERSONAL NAME
Personal name Janak Raj Jai
245 ## - TITLE STATEMENT
Title Motor accident claims:
Statement of responsibility, etc by Janak Raj Jai
Remainder of title law & procedure /
250 ## - EDITION STATEMENT
Edition statement 3rd ed.
260 ## - PUBLICATION, DISTRIBUTION, ETC. (IMPRINT)
Place of publication, distribution, etc Delhi
Name of publisher, distributor, etc Universal Law Publishing
Date of publication, distribution, etc 2007
270 ## - ADDRESS
Address C-FF-1A, Dilkhush Industrial Estate, (Opp, Hans Cinema, Azadpur) GT. Karnal Road,,
City Delhi
Postal code 110033
300 ## - PHYSICAL DESCRIPTION
Extent xx, 347p.:
Dimensions 22cm (pbk)
Other physical details ill
500 ## - GENERAL NOTE
General note Includes index
650 ## - SUBJECT ADDED ENTRY--TOPICAL TERM
Topical term or geographic name as entry element Liabilities for traffic accidents
Geographic subdivision India
650 ## - SUBJECT ADDED ENTRY--TOPICAL TERM
Topical term or geographic name as entry element Accident law
Geographic subdivision India
650 ## - SUBJECT ADDED ENTRY--TOPICAL TERM
Topical term or geographic name as entry element Civil procedure
Geographic subdivision India
942 ## - ADDED ENTRY ELEMENTS (KOHA)
Source of classification or shelving scheme Dewey Decimal Classification
Item type English Books
Call number suffix JAN
Classification part 346.540322
Holdings
Withdrawn status Lost status Source of classification or shelving scheme Damaged status Not for loan Collection code Home library Current library Date acquired Source of acquisition Cost, normal purchase price Total Checkouts Full call number Barcode Date last seen Copy number Cost, replacement price Koha item type
    Dewey Decimal Classification   Not For Loan Non-fiction D.B.Act.Division D.B.Act.Division 20/11/2008 DBAD / PUB 275.00   346.540322 JAN EN-75236 20/11/2008 1 275.00 English Books

© Delhi Public Library
Hit Counter
free hit counter